| 000 | 01367cam a2200349 a 4500 | ||
|---|---|---|---|
| 999 |
_c25850 _d25850 |
||
| 001 | 4785017 | ||
| 003 | OSt | ||
| 005 | 20170201123246.0 | ||
| 008 | 870602s1988 nyua cb 001 0 eng | ||
| 010 | _a 87003262 | ||
| 020 |
_a0933920857 (alk. paper) : _c$45.00 |
||
| 020 |
_a0895581248 (pbk. : alk. paper) : _c$30.00 |
||
| 040 |
_aDLC _cDLC _dDLC |
||
| 043 |
_an-us-mi _ael----- |
||
| 050 | 0 | 0 |
_aNC258 _b.D476 1988 |
| 082 | 0 | 0 |
_a741.9492/074/017434 _219 |
| 110 | 2 | _aDetroit Institute of Arts. | |
| 245 | 1 | 0 |
_aDutch and Flemish drawings and watercolors / _cAnne-Marie Logan. |
| 250 | _a1st ed. | ||
| 260 |
_aNew York : _bHudson Hills Press in association with the Founders Society, Detroit Institute of Arts, _cc1988. |
||
| 300 |
_a158 p. : _bill. (some col.) ; _c32 cm. |
||
| 490 | 1 | _aThe Collections of the Detroit Institute of Arts | |
| 504 | _aIncludes bibliographical references. | ||
| 610 | 2 | 0 |
_aDetroit Institute of Arts _xCatalogs. |
| 650 | 0 |
_aDrawing, Dutch _xCatalogs. |
|
| 650 | 0 |
_aDrawing, Flemish _xCatalogs. |
|
| 650 | 0 |
_aDrawing _zMichigan _zDetroit _xCatalogs. |
|
| 700 | 1 | _aLogan, Anne-Marie S. | |
| 810 | 2 |
_aDetroit Institute of Arts. _tCollections of the Detroit Institute of Arts. |
|
| 906 |
_a7 _bcbc _corignew _d1 _eocip _f19 _gy-gencatlg |
||
| 942 |
_2lcc _cBOOKS _hNC 258 .D476 1988 |
||